Statystyki dla Najludniejsze miasta Kanady

Kliknij tutaj aby rozwiązać quiz!

Ogólne statystyki

  • Ten quiz został rozwiązany 54 razy
  • Średni wynik to 5 z 19

Statystyki odpowiedzi

ProwincjaOdpowiedź% Poprawnych
OntarioOttawa
94%
OntarioToronto
92%
QuebecQuebec
71%
British ColumbiaVancouver
65%
AlbertaCalgary
47%
AlbertaEdmonton
47%
Nowa SzkocjaHalifax
22%
Labrador i Nowa FunlandiaSt Johns
10%
North West TerythoriesYellowknife
10%
QuebecMonteral
8%
SaskatchewanRegina
8%
YukonWhitehorse
8%
Wyspa Księcia EdwardaCharlottetown
6%
OntarioHamilton
6%
NunavutIqaluit
6%
OntarioMississauga
6%
ManitobaWinnpeg
4%
OntarioBrampton
2%
Nowy BrunszwikFrederiction
2%

Rozkład punktacji

Percentyl według liczby udzielonych odpowiedzi

Procent ludzi z każdym wynikiem

Twoja historia wyników

Nie rozwiązałeś tego quizu